Một số điểm cần lưu ý về tác động của gió khi thiết kế kết cấu nhẹ xây dựng ở những vùng có gió bão /

Khái niệm chung về gió. Tải trọng gió lên nhà: Dòng thổi, áp lực và phân bố tải trọng, tải trọng lên tường, tải trọng lên mái.

Zapisane w:
Opis bibliograficzny
Korporacja: Bộ Xây dựng.
Format: Książka
Język:Vietnamese
Wydane: Hà Nội : Xây dựng, 1999.
Hasła przedmiotowe:
Etykiety: Dodaj etykietę
Nie ma etykietki, Dołącz pierwszą etykiete!
Thư viện lưu trữ: Mạng thư viện Đại học Đà Nẵng
LEADER 01086cam a2200325 i 4500
001 000042509
003 383
005 20030922104555.0
008 010217b1999 vm 000 vie
020 |c 4500 
040 |a IRC  |c IRC  |d IRC 
041 0 |a vie 
082 1 4 |a 690.0289  |b BÔ 
110 2 |a Bộ Xây dựng. 
245 0 0 |a Một số điểm cần lưu ý về tác động của gió khi thiết kế kết cấu nhẹ xây dựng ở những vùng có gió bão /  |c Bộ Xây dựng. 
260 |a Hà Nội :  |b Xây dựng,  |c 1999. 
300 |a 40tr. ;  |c 19cm. 
520 3 |a Khái niệm chung về gió. Tải trọng gió lên nhà: Dòng thổi, áp lực và phân bố tải trọng, tải trọng lên tường, tải trọng lên mái. 
630 0 4 |a Xây dựng. 
650 0 4 |a Công trình xây dựng  |x Tác động của gió. 
OWN |a DUT 
999 |a From the UDN01 
TYP |a Monograph 
TYP |a Printed language 
980 |a Mạng thư viện Đại học Đà Nẵng